<?xml version="1.0" encoding="UTF-8"?>
<record
    xmlns:xsi="http://www.w3.org/2001/XMLSchema-instance"
    xsi:schemaLocation="http://www.loc.gov/MARC21/slim http://www.loc.gov/standards/marcxml/schema/MARC21slim.xsd"
    xmlns="http://www.loc.gov/MARC21/slim">

  <leader>02002nam2a22002651  4500</leader>
  <controlfield tag="001">RU\NLR\IC100\5000003494</controlfield>
  <controlfield tag="005">20250617133728.0</controlfield>
  <datafield tag="035" ind1=" " ind2=" ">
    <subfield code="a">(NLR Aleph) 002635988</subfield>
  </datafield>
  <datafield tag="090" ind1=" " ind2=" ">
    <subfield code="a">3743586</subfield>
    <subfield code="c">3743586</subfield>
  </datafield>
  <datafield tag="100" ind1=" " ind2=" ">
    <subfield code="a">20040906d1964    |||y0rusy50      ca</subfield>
  </datafield>
  <datafield tag="101" ind1="0" ind2=" ">
    <subfield code="a">rus</subfield>
  </datafield>
  <datafield tag="102" ind1=" " ind2=" ">
    <subfield code="a">RU</subfield>
  </datafield>
  <datafield tag="105" ind1=" " ind2=" ">
    <subfield code="a">y   |||||||||</subfield>
  </datafield>
  <datafield tag="200" ind1="0" ind2=" ">
    <subfield code="a">&#x412;&#x44B;&#x43F;.36</subfield>
  </datafield>
  <datafield tag="210" ind1=" " ind2=" ">
    <subfield code="d">1964</subfield>
    <subfield code="a">&#x411;. &#x43C;.</subfield>
  </datafield>
  <datafield tag="225" ind1="1" ind2=" ">
    <subfield code="a">...</subfield>
    <subfield code="v">&#x412;&#x44B;&#x43F;.36</subfield>
    <subfield code="i">...</subfield>
    <subfield code="v">&#x421;&#x431;.8</subfield>
  </datafield>
  <datafield tag="461" ind1=" " ind2="0">
    <subfield code="1">001RU\NLR\INFOCOMM19\5000025000</subfield>
    <subfield code="1">2001#$a&#x421;&#x431;&#x43E;&#x440;&#x43D;&#x438;&#x43A; &#x43D;&#x430;&#x443;&#x447;&#x43D;&#x44B;&#x445; &#x440;&#x430;&#x431;&#x43E;&#x442;$f&#x41C;-&#x432;&#x43E; &#x447;&#x435;&#x440;&#x43D;&#x43E;&#x439; &#x43C;&#x435;&#x442;&#x430;&#x43B;&#x43B;&#x443;&#x440;&#x433;&#x438;&#x438; &#x421;&#x421;&#x421;&#x420;. &#x426;&#x435;&#x43D;&#x442;&#x440;. &#x43D;&#x430;&#x443;&#x447;.-&#x438;&#x441;&#x441;&#x43B;&#x435;&#x434;. &#x438;&#x43D;-&#x442; &#x447;&#x435;&#x440;&#x43D;&#x43E;&#x439; &#x43C;&#x435;&#x442;&#x430;&#x43B;&#x43B;&#x443;&#x440;&#x433;&#x438;&#x438; &#x438;&#x43C;. &#x418;.&#x41F;. &#x411;&#x430;&#x440;&#x434;&#x438;&#x43D;&#x430;$v&#x412;&#x44B;&#x43F;.36</subfield>
    <subfield code="9">1909364</subfield>
    <subfield code="a">&#x426;&#x435;&#x43D;&#x442;&#x440;&#x430;&#x43B;&#x44C;&#x43D;&#x44B;&#x439; &#x43D;&#x430;&#x443;&#x447;&#x43D;&#x43E;-&#x438;&#x441;&#x441;&#x43B;&#x435;&#x434;&#x43E;&#x432;&#x430;&#x442;&#x435;&#x43B;&#x44C;&#x441;&#x43A;&#x438;&#x439; &#x438;&#x43D;&#x441;&#x442;&#x438;&#x442;&#x443;&#x442; &#x447;&#x435;&#x440;&#x43D;&#x43E;&#x439; &#x43C;&#x435;&#x442;&#x430;&#x43B;&#x43B;&#x443;&#x440;&#x433;&#x438;&#x438; &#x438;&#x43C;. &#x418;.&#x41F;. &#x411;&#x430;&#x440;&#x434;&#x438;&#x43D;&#x430; (&#x41C;&#x43E;&#x441;&#x43A;&#x432;&#x430;)</subfield>
    <subfield code="c">&#x41C;.</subfield>
    <subfield code="d">1948-1972</subfield>
    <subfield code="f">&#x41C;-&#x432;&#x43E; &#x447;&#x435;&#x440;&#x43D;&#x43E;&#x439; &#x43C;&#x435;&#x442;&#x430;&#x43B;&#x43B;&#x443;&#x440;&#x433;&#x438;&#x438; &#x421;&#x421;&#x421;&#x420;. &#x426;&#x435;&#x43D;&#x442;&#x440;. &#x43D;&#x430;&#x443;&#x447;.-&#x438;&#x441;&#x441;&#x43B;&#x435;&#x434;. &#x438;&#x43D;-&#x442; &#x447;&#x435;&#x440;&#x43D;&#x43E;&#x439; &#x43C;&#x435;&#x442;&#x430;&#x43B;&#x43B;&#x443;&#x440;&#x433;&#x438;&#x438; &#x438;&#x43C;. &#x418;.&#x41F;. &#x411;&#x430;&#x440;&#x434;&#x438;&#x43D;&#x430;</subfield>
    <subfield code="n">&#x41C;&#x435;&#x442;&#x430;&#x43B;&#x43B;&#x443;&#x440;&#x433;&#x438;&#x44F;</subfield>
    <subfield code="t">&#x421;&#x431;&#x43E;&#x440;&#x43D;&#x438;&#x43A; &#x43D;&#x430;&#x443;&#x447;&#x43D;&#x44B;&#x445; &#x440;&#x430;&#x431;&#x43E;&#x442;</subfield>
    <subfield code="v">&#x412;&#x44B;&#x43F;.36</subfield>
  </datafield>
  <datafield tag="462" ind1=" " ind2="0">
    <subfield code="1">001RU\NLR\IC100\5000003492</subfield>
    <subfield code="1">2001#$a&#x41F;&#x440;&#x43E;&#x431;&#x43B;&#x435;&#x43C;&#x44B; &#x43C;&#x435;&#x442;&#x430;&#x43B;&#x43B;&#x43E;&#x432;&#x435;&#x434;&#x435;&#x43D;&#x438;&#x44F; &#x438; &#x444;&#x438;&#x437;&#x438;&#x43A;&#x438; &#x43C;&#x435;&#x442;&#x430;&#x43B;&#x43B;&#x43E;&#x432;$f&#x41C;-&#x432;&#x43E; &#x43C;&#x435;&#x442;&#x430;&#x43B;&#x43B;&#x443;&#x440;&#x433;. &#x43F;&#x440;&#x43E;&#x43C;. &#x421;&#x421;&#x421;&#x420;. &#x426;&#x435;&#x43D;&#x442;&#x440;. &#x43D;&#x430;&#x443;&#x447;.-&#x438;&#x441;&#x441;&#x43B;&#x435;&#x434;. &#x438;&#x43D;-&#x442; &#x447;&#x435;&#x440;&#x43D;&#x43E;&#x439; &#x43C;&#x435;&#x442;&#x430;&#x43B;&#x43B;&#x443;&#x440;&#x433;&#x438;&#x438;. &#x418;&#x43D;-&#x442; &#x43C;&#x435;&#x442;&#x430;&#x43B;&#x43B;&#x43E;&#x432;&#x435;&#x434;&#x435;&#x43D;&#x438;&#x44F; &#x438; &#x444;&#x438;&#x437;&#x438;&#x43A;&#x438; &#x43C;&#x435;&#x442;&#x430;&#x43B;&#x43B;&#x43E;&#x432;$v&#x421;&#x431;.8</subfield>
    <subfield code="9">3743570</subfield>
    <subfield code="c">&#x41C;.</subfield>
    <subfield code="d">1949-1968</subfield>
    <subfield code="f">&#x41C;-&#x432;&#x43E; &#x43C;&#x435;&#x442;&#x430;&#x43B;&#x43B;&#x443;&#x440;&#x433;. &#x43F;&#x440;&#x43E;&#x43C;. &#x421;&#x421;&#x421;&#x420;. &#x426;&#x435;&#x43D;&#x442;&#x440;. &#x43D;&#x430;&#x443;&#x447;.-&#x438;&#x441;&#x441;&#x43B;&#x435;&#x434;. &#x438;&#x43D;-&#x442; &#x447;&#x435;&#x440;&#x43D;&#x43E;&#x439; &#x43C;&#x435;&#x442;&#x430;&#x43B;&#x43B;&#x443;&#x440;&#x433;&#x438;&#x438;. &#x418;&#x43D;-&#x442; &#x43C;&#x435;&#x442;&#x430;&#x43B;&#x43B;&#x43E;&#x432;&#x435;&#x434;&#x435;&#x43D;&#x438;&#x44F; &#x438; &#x444;&#x438;&#x437;&#x438;&#x43A;&#x438; &#x43C;&#x435;&#x442;&#x430;&#x43B;&#x43B;&#x43E;&#x432;</subfield>
    <subfield code="n">&#x41C;&#x435;&#x442;&#x430;&#x43B;&#x43B;&#x443;&#x440;&#x433;&#x438;&#x437;&#x434;&#x430;&#x442;</subfield>
    <subfield code="t">&#x421;&#x431;&#x43E;&#x440;&#x43D;&#x438;&#x43A; &#x43D;&#x430;&#x443;&#x447;&#x43D;&#x44B;&#x445; &#x440;&#x430;&#x431;&#x43E;&#x442;. - &#x41F;&#x440;&#x43E;&#x431;&#x43B;&#x435;&#x43C;&#x44B; &#x43C;&#x435;&#x442;&#x430;&#x43B;&#x43B;&#x43E;&#x432;&#x435;&#x434;&#x435;&#x43D;&#x438;&#x44F; &#x438; &#x444;&#x438;&#x437;&#x438;&#x43A;&#x438; &#x43C;&#x435;&#x442;&#x430;&#x43B;&#x43B;&#x43E;&#x432;</subfield>
    <subfield code="v">&#x421;&#x431;.8</subfield>
  </datafield>
  <datafield tag="801" ind1=" " ind2="1">
    <subfield code="a">RU</subfield>
    <subfield code="b">InfoComm</subfield>
    <subfield code="c">20040906</subfield>
  </datafield>
  <datafield tag="801" ind1=" " ind2="0">
    <subfield code="a">RU</subfield>
    <subfield code="b">NLR</subfield>
    <subfield code="g">PSBO</subfield>
  </datafield>
  <datafield tag="852" ind1=" " ind2=" ">
    <subfield code="a">NLR</subfield>
    <subfield code="j">&#x41F;10/765</subfield>
  </datafield>
  <datafield tag="942" ind1=" " ind2=" ">
    <subfield code="c">ISSUE</subfield>
  </datafield>
  <datafield tag="980" ind1=" " ind2=" ">
    <subfield code="a">NB</subfield>
  </datafield>
  <datafield tag="980" ind1=" " ind2=" ">
    <subfield code="a">RUSPER</subfield>
  </datafield>
</record>
